00780nam a22002177a 450000500170000001000150001702000320003202000350006403500130009903700130011208200080012524500900013326000290022327000540025230000310030650000190033770000270035694200220038399900170040595201400042220100804122956.0 aENG-100796 c1395.00a8173043531(Series) c1395.00a9788173047718( vol 9) aEN-84329 bDBAD/PUB a921 aJayaprakash Narayan :cedited by Bimal Prashad bselected works volume ix (1966-1972) aNew DelhibManoharc2008 a4753/23 Ansari Road, DaryaganjbNew Delhie110002 aV.9. xxxix,896pb24cm (Hb) aIncludes index aPrashad, Bimal 96065 2ddccENh921mJAY c42358d42358 001040718NFICaDBADbDBADd2010-08-18eDBAD/PUBg1395.00l0o921 JAYpEN-84329r2010-08-18 00:00:00t1v1395.00w2010-08-18yENzv 9